000 00687nam a22002057a 4500
003 NUST-PNEC
005 20170116180725.0
008 141031b xxu||||| |||| 00| 0 eng d
040 _cPNEC
082 _a540.03 CLA
100 _9906
_aClark, George L.
245 _aThe Encyclopedia of chemistry
_cGeorge L. Clark
250 _a2nd ed.
260 _aNew York
_bReinhold Publishing Corporation
_cc1966.
300 _a1144 p. :
_c26 cm.
500 _aIncludes Index
650 _xME
856 _uhttp://www.amazon.com/Encyclopedia-Chemistry-George-L-Clark/dp/B000M7YCLY/ref=sr_1_2?s=books&ie=UTF8&qid=1414754030&sr=1-2&keywords=ENCYCLOPEDIA+OF+CHEMISTRY+BY+CLARK
942 _2ddc
_cBK
999 _c61575
_d61575